Szivárványmászás és gombócevő verseny

Bibliographic Details
Main Author: Polgár, Anikó, 1975- (Author)
Format: Article
Language:Hungarian
PhysicalDescription:Fotogr.
ISSN:1335-7050
Subjects:

MARC

LEADER 00000nab a2200000 a 4500
001 vtls010587015
003 SK-MaSNL
005 20260318124814.0
008 140402c20140402xo d| | 000 0|2hun
015 |a SNBRB2014/04 
038 |a DSZK 
040 |a DSZK  |b slo  |c DSZK  |e AACR2 
041 0 |a hun 
044 |a xo  |c SK 
080 |a 821.511.141-34-055.2  |2 2001 
080 |a 021.4:82  |2 2001 
100 1 |a Polgár, Anikó,  |d 1975-  |4 aut  |9 101775 
245 1 0 |a Szivárványmászás és gombócevő verseny  |c Polgár Anikó 
300 |b Fotogr. 
600 1 7 |a Bartos, Erika,  |d 1974-,  |2 dszk  |9 254480 
648 7 |a 2014  |2 dszk  |9 334827 
650 0 7 |a maďarské spisovateľky  |2 dszk  |9 113912 
650 0 7 |a besedy so spisovateľmi  |2 SNKPH  |9 59593 
650 0 7 |a maďarské rozprávky  |2 SNKPH  |9 331911 
651 7 |a Dunajská Streda (Slovensko)  |2 SNKPH  |9 17375 
773 0 |t Új szó  |g Évf. 67, sz. 77 (2014.4.2), o. 10  |x 1335-7050 
852 |a DSZK  |b KIS3GCP 
958 |a HU 
958 |a SK 
999 |c 2249072  |d 2251002